| 000 | 01203nam0a2200349 i 4500 | ||
|---|---|---|---|
| 001 | RU\NLR\bibl\2061965 | ||
| 005 | 20241103125454.0 | ||
| 010 |
_a9785699594887 _95000 |
||
| 021 |
_aRU _b2013-51680 _9397д/13 |
||
| 035 | _a(nilc)RuMoRGB-006612267 | ||
| 035 | _a(NLR Aleph) 002048670 | ||
| 090 |
_a4630909 _c4630909 |
||
| 100 | _a20130702d2013 u y0rusy50 ca | ||
| 101 | 0 | _arus | |
| 102 | _aRU | ||
| 105 | _ay z ||||| | ||
| 200 | 1 |
_aЗолотые правила консервирования _eсвои витамины круглый год _fЕлена Вечерина |
|
| 210 |
_aМосква _cЭксмо _d2013 |
||
| 215 |
_a158, [1] с. _d17 |
||
| 225 | 1 | _aУрожайкины всегда с урожаем! | |
| 606 |
_aДомашнее консервирование _92074062 _3RU\NLR\auth\661249026 |
||
| 686 | _aЛ910я9 | ||
| 700 | 1 |
_aВечерина _bЕ. Ю. _gЕлена Юрьевна _4070 |
|
| 801 | 0 |
_aRU _bRuMoRKP _c20130702 _gRCR |
|
| 801 | 2 |
_aRU _bРГБ _c20130731 _grcr |
|
| 801 | 1 |
_aRU _bRuMoRKP _c20130702 _2rusmarc |
|
| 801 | 2 |
_aRU _bNLR _c20130812 _grcr |
|
| 830 | _aАвт. по кн. | ||
| 942 | _cBOOK | ||
| 980 | _aNBR | ||